Alle Spieler von Austria Wien seit 00/01 - Statistiken

Allgemein
  • Dieses Quiz wurde 14 mal gespielt
  • Das Durchschnittsergebnis liegt bei 82 aus 298
Antwortstatistiken
FK Austria Wien % Korrekt
Aleksandar Dragovic
75%
Alexander Grünwald
75%
Joey Didulica
75%
Manfred Fischer
75%
Manuel Polster
75%
Milenko Acimovic
75%
Olarenwaju Kayode
75%
Pascal Grünwald
75%
Patrick Pentz
75%
Roland Linz
75%
Samuel Sahin-Radlinger
75%
Sigurd Rushfeldt
75%
Tomas Jun
75%
Zlatko Junuzovic
75%
Andreas Gruber
63%
Andreas Ulmer
63%
Christian Früchtl
63%
Dominik Fitz
63%
Florian Klein
63%
Gerd Wimmer
63%
Heinz Lindner
63%
Jin-Hyun Lee
63%
Johannes Eggestein
63%
Johannes Handl
63%
Kang-Hee Lee
63%
Manuel Ortlechner
63%
Marko Raguz
63%
Mirko Kos
63%
Niels Hahn
63%
Patrick Wimmer
63%
Robert Almer
63%
Sanel Saljic
63%
Tae-Seok Lee
63%
Abubakr Barry
50%
Aleksandar Jukic
50%
Christian Mayrleb
50%
Frans Krätzig
50%
Haris Tabakovic
50%
Ivica Vastic
50%
Jocelyn Blanchard
50%
Luca Pazourek
50%
Lucas Galvao
50%
Manprit Sarkaria
50%
Markus Suttner
50%
Marvin Martins
50%
Matteo Perez Vinlöf
50%
Matthias Braunöder
50%
Maurice Malone
50%
Muharem Huskovic
50%
Noah Botic
50%
Osman Hadzikic
50%
Philipp Hosiner
50%
Philipp Maybach
50%
Reinhold Ranftl
50%
Roman Kienast
50%
Romeo Vucic
50%
Sascha Horvath
50%
Toni Vastic
50%
Vladimir Janocko
50%
Alexander Gorgon
38%
Alexander Schmidt
38%
Andreas Schicker
38%
Benedikt Pichler
38%
Benjamin Sulimani
38%
Bright Edomwonyi
38%
Can Keles
38%
Christian Schoissengeyr
38%
Dario Tadic
38%
Dejan Radonjic
38%
Didier Dheedene
38%
Emin Sulimani
38%
Felipe Pires
38%
Fernando Troyansky
38%
Fisnik Asllani
38%
Florian Wustinger
38%
Franz Wohlfahrt
38%
Georg Teigl
38%
Hakim Guenouche
38%
James Holland
38%
Julian Baumgartlinger
38%
Kelvin Boateng
38%
Lucas Venuto
38%
Lukas Mühl
38%
Lukas Rotpuller
38%
Manfred Schmid
38%
Manuel Wallner
38%
Marco Djuricin
38%
Marko Stankovic
38%
Martin Hiden
38%
Matteo Meisl
38%
Matteo Schablas
38%
Maximilian Sax
38%
Michael Liendl
38%
Michael Madl
38%
Michael Wagner
38%
Nacer Barazite
38%
Omer Damari
38%
Patrick Salomon
38%
Philipp Wiesinger
38%
Raphael Holzhauser
38%
Roman Mählich
38%
Roman Wallner
38%
Sascha Pichler
38%
Sean Dundee
38%
Stefan Stangl
38%
Szabolcs Safar
38%
Thomas Flögel
38%
Ziad El Sheiwi
38%
Alon Turgeman
25%
Andreas Lasnik
25%
Arkadiusz Radomski
25%
Bartolomej Kuru
25%
Billy Koumetio
25%
Christian Prosenik
25%
Christian Ramsebner
25%
Christian Schragner
25%
Christoph Martschinko
25%
Christoph Monschein
25%
Christoph Saurer
25%
Cristiano
25%
Daniel Royer
25%
David De Paula
25%
David Lafata
25%
Djalminha
25%
Eric Akoto
25%
Eric Martel
25%
Erik Palmer-Brown
25%
Filip Sebo
25%
Florian Mader
25%
Florian Metz
25%
Franz Schiemer
25%
George Datoru
25%
Hannes Aigner
25%
Heiko Westermann
25%
Igor
25%
Jacek Bak
25%
James Jeggo
25%
Jens Stryger Larsen
25%
Joachim Parapatits
25%
Jochen Janssen
25%
Johannes Ertl
25%
Julio Cesar
25%
Jürgen Panis
25%
Kevin Friesenbichler
25%
Konstantin Aleksa
25%
Krzysztof Ratajczyk
25%
Libor Sionko
25%
Manfred Rothbauer
25%
Marc Ziegler
25%
Marijan Österreicher
25%
Mario Bazina
25%
Mario Tokic
25%
Martin Harrer
25%
Mikael Antonsson
25%
Moritz Wels
25%
Nastja Ceh
25%
Nik Prelec
25%
Ola Kamara
25%
Patrik Jezek
25%
Patrizio Stronati
25%
Petter Rudi
25%
Philipp Netzer
25%
Rabiu Afolabi
25%
Radoslaw Gilewicz
25%
Ronald Gercaliu
25%
Rubin Okotie
25%
Sasa Papac
25%
Schumacher
25%
Sebastian Mila
25%
Stepan Vachousek
25%
Stephan Zwierschitz
25%
Thomas Ebner
25%
Thomas Eder
25%
Thomas Mandl
25%
Thomas Pichlmann
25%
Thomas Salamon
25%
Thorstein Helstad
25%
Tin Plavotic
25%
Wolfgang Mair
25%
Xiang Sun
25%
Adam Ledwon
13%
Adam Petrous
13%
Alexandar Borkovic
13%
Alexander Frank
13%
Andreas Poulsen
13%
Bozo Kovacevic
13%
Christian Haselberger
13%
Christian Tamandl
13%
Cristian Cuevas
13%
Dare Vrsic
13%
Dario Kreiker
13%
Delano Hill
13%
Dirk-Jan Derksen
13%
Dominik Nisandzic
13%
Dominik Prokop
13%
Doron Leidner
13%
Dragan Sarac
13%
Eldar Topic
13%
Emir Dilaver
13%
Ernst Dospel
13%
Fabian Koch
13%
Fernando
13%
Frank Verlaat
13%
Franz Königshofer
13%
Georg Margreitter
13%
Gerald Krajic
13%
Gernot Plassnegger
13%
Halil Akaslan
13%
Ibrahima Drame
13%
Ivan Lucic
13%
Jelle Ten Rouwelaar
13%
Joachim Standfest
13%
Jürgen Leitner
13%
Kaja Rogulj
13%
Marin Leovac
13%
Mario Majstorovic
13%
Marko Kvasina
13%
Marko Pejic
13%
Marko Perovic
13%
Marko Topic
13%
Markus Kiesenebner
13%
Martin Hasek
13%
Marvin Potzmann
13%
Matan Baltaxa
13%
Matthias Hattenberger
13%
Mesut Dogan
13%
Michael Koller
13%
Mirza Varesanovic
13%
Niklas Hoheneder
13%
Noah Ohio
13%
Patrick Pircher
13%
Paul Scharner
13%
Petar Filipovic
13%
Petar Gluhakovic
13%
Peter Hlinka
13%
Peter Lerant
13%
Philipp Katzler
13%
Philipp Zulechner
13%
Raymond Kvisvik
13%
Richard Kitzbichler
13%
Richard Windbichler
13%
Rodolfo Moya
13%
Roman Koller
13%
Sanel Kuljic
13%
Saso Fornezzi
13%
Srdjan Spiridonovic
13%
Tarkan Serbest
13%
Thomas Krammer
13%
Thomas Luttenberger
13%
Thomas Murg
13%
Timo Rost
13%
Tomasz Iwan
13%
Tosin Dosunmu
13%
Uros Matic
13%
Vaclav Sverkos
13%
Vance Sikov
13%
Vesel Demaku
13%
Volkan Kahraman
13%
Wolfgang Hopfer
13%
Wolfgang Knaller
13%
Yüksel Sariyar
13%
Zoran Pavlovic
13%
Agim Zeka
0%
Andreas Tiffner
0%
Bernhard Luxbacher
0%
Caner Cavlan
0%
David Cancola
0%
David Ewemade
0%
Dragan Dimic
0%
Esad Bejic
0%
Ewandro
0%
Harald Waitschacher
0%
Ibrahim Alhassan
0%
Ismael Tajouri-Shradi
0%
Ivan Kardum
0%
Leonardo Ivkic
0%
Lukas Mössner
0%
Maicon Dos Santos
0%
Mamadou Diabang
0%
Marco Meilinger
0%
Marco Stark
0%
Mario Leitgeb
0%
Maudo Jarjue
0%
Michael Blauensteiner
0%
Michael Endlicher
0%
Mohammed Kadiri
0%
Nikola Dovedan
0%
Ognjen Vukojevic
0%
Pascal Velek
0%
Petr Vorisek
0%
Remo Mally
0%
Roi Kehat
0%
Ruan Renato
0%
Silva Kani
0%
Stefan Radulovic
0%
Sterling Yateke
0%
Thomas Darazs
0%
Tomas Simkovic
0%
Keine übereinstimmenden Quizze gefunden
Verteilung der Resultate
Anzahl Personen mit jedem Resultat
Perzentil nach korrekt beantworteten Fragen
Ihre Resultats-Entwicklung
Sie haben dieses Quiz noch nicht gespielt